000 00617nam a2200229Ia 4500
003 OSt
005 20220928143039.0
006 a|||||r|||| 00| 0
007 ta
008 220927b |||||||| |||| 00| 0 eng d
024 _a20673
037 _cTextual
040 _aSDCL
_cSDCL
_beng
041 _2eng
_aeng
082 _aX:89Q8, P2
100 _aLinneman Robert E
_9504304
245 0 _aMarketing planning in a total quality environment
260 _c2002
700 _a Stanton John L
_9504305
942 _hX:89Q8, P2
_cTEXL
_2CC
999 _c822771
_d822771